| 000 | 00857cam a22002771 4500 | ||
|---|---|---|---|
| 001 | 9786378 | ||
| 003 | PILC | ||
| 005 | 20150522091542.0 | ||
| 008 | 730123s1953 caua 000 0 eng | ||
| 010 | _a 53008083 | ||
| 015 | _aGB53-14040 | ||
| 035 | _a(OCoLC)544483 | ||
| 040 |
_aDLC _cODaWU _dMCM _dUk _dDLC |
||
| 042 | _apremarc | ||
| 050 | 0 | 0 |
_aQD 33 _b.P328 1953 |
| 100 | 1 |
_aPauling, Linus, _d1901-1994. |
|
| 245 | 1 | 0 |
_aGeneral chemistry / _ban introduction to descriptive chemistry and modern chemical theory. |
| 250 | _a2d ed. | ||
| 260 |
_aSan Francisco, _bW.H. Freeman and Company, _c1953. |
||
| 300 |
_ax, 710 pages : _billustrations ; _c24 cm. |
||
| 440 | 2 | _aA Series of chemistry texts | |
| 500 | _aIncludes appendix and index. | ||
| 650 | 0 | _aChemistry. | |
| 906 |
_a7 _bcbc _coclcrpl _du _encip _f19 _gy-gencatlg |
||
| 942 |
_2lcc _cBK _kFOR |
||
| 999 |
_c284307 _d284307 |
||